000 00596nam a22001817a 4500
003 UA-OsUOA
001 15599
007 ta
008 20031119b un ||||| |||| 00| 0 ukr d
100 _aЗахарова В.
942 _cSA
040 _aUA-OsUOA
_cUA-OsUOA
_dUA-OsUOA
245 _aВартові нашої безпеки : [Діяльність Держ. служби охорони при УМВС України в Рівнен. обл.]
300 _aС.3
955 _a0
773 0 _w0
_tІмідж
_dРівне
_d2003
_g№12/Лип./
650 7 _aКраєзнавча робота
_2UDC
999 _c301764
_d301764